00518nam a2200205 a 4500001001300000003000900013005001700022008004100039020001000080082001600090100002000106245003600126260003200162300000900194500003500203505000900238650002300247650002200270700002000292nice12345678IN_TiNIC20260116011422.0050524s1964 enga grp 000 0 eng  ac10000a892.73bKRI aKritzeck, James aAnthology of Islamic Literature aEnglandbPenguin Bookc1964 a395p aincludes index and biblioraphy2 aIll. aIslamic-Literature aArabic-Literature1 aKritzeck, James